01749nam a2200265 a 4500008004100000050001600041100002100057245017000078260004000248300002000288350000900308500017500317650001500492650003600507650003000543700002000573710001500593995014900608995015100757995016300908999001701071952012501088952013501213952013501348120416s1996 ||||||||||||||||| || u aJF 1081 Uga aLangseth, Petter10aUganda International Conference on good governance in Africa: empowering civil society in the fight against corruption.cedited by Petter Langseth and Fiona Simpkins aWashington, D. C.bWorld Bankc1996 ax, 236p. : ill. a0.00 aThe Governance of Uganda in co-operation with Transparence International and the Economic Development Institute of the World Bank, 21-25 April 1996, Mwenye Lodge, Uganda. aGOVERNANCE aUGANDA--POLITICS AND GOVERNMENT aUGANDA--GOVERNANCE ISSUES aSimpkins, Fiona aWorld Bank aANNEX COLLECTION (Main Library)D0.00e734417FCBU-MAIN LIBRARY (Kitwe)H1I15.95jJF 1081 UgaM1UAVAILABLEy46948ZAnnex Low-Usage Collection  aMAIN LIBRARY OPEN ACCESSD0.00e730414FCBU-MAIN LIBRARY (Kitwe)H2I15.95jJF 1081 UgaM2UAVAILABLEy023664ZMain Library Open Access Collection aMAIN LIBRARY OPEN ACCESSD0.00e023663FCBU-MAIN LIBRARY (Kitwe)H1I0.00jJF 1081 UGAM5UAVAILABLEWSep 8, 2008y023663ZMain Library Open Access Collection c81461d81461 00102lcc4070a001b001cAnnex Low-Usage Collectiond2023-08-18l0oJF 1081 Ugap46948r2023-08-18t1w2023-08-18y002 00102lcc4070a001b001cMain Library Open Access Collectiond2023-08-18l0oJF 1081 Ugap023664r2023-08-18t2w2023-08-18y002 00102lcc4070a001b001cMain Library Open Access Collectiond2023-08-18l0oJF 1081 Ugap023663r2023-08-18t3w2023-08-18y002